Walc pożegnalny /

Hlavní autor: Kundera, Milan, 1929-2023
Další autoři: Godlewski, Piotr, 1929-2010
Jazyk: Polština
Vydáno: Warszawa : WAB - Grupa Wydawnicza Foksal, [2013]
Vydání: Wydanie V
Témata:
Fyzický popis: 292 stran ; 20 cm
Knihy
Uloženo v:
LEADER 01322nam a2200385 i 4500
001 001884228
003 CZ BrMZK
005 20240213071156.0
007 ta
008 131204t20132013pl g 000 f pol
020 |a 978-83-7881-485-6  |q (brožováno) 
035 |a (OCoLC)867962260 
040 |a BOA001  |b cze  |e rda 
041 1 |a pol  |h cze 
072 7 |a 821.162.3-3  |x Česká próza  |2 Konspekt  |9 25 
080 |a 821.162.3-31  |2 MRF 
080 |a (0:82-31)  |2 MRF 
100 1 |a Kundera, Milan,  |d 1929-2023  |7 jk01070894  |4 aut 
240 1 0 |a Valčík na rozloučenou.  |l Polsky  |7 aun2014837729 
245 1 0 |a Walc pożegnalny /  |c Milan Kundera ; przełożył Piotr Godlewski 
250 |a Wydanie V 
264 1 |a Warszawa :  |b WAB - Grupa Wydawnicza Foksal,  |c [2013] 
264 4 |c ©2013 
300 |a 292 stran ;  |c 20 cm 
336 |a text  |b txt  |2 rdacontent 
337 |a bez média  |b n  |2 rdamedia 
338 |a svazek  |b nc  |2 rdacarrier 
500 |a Přeloženo z češtiny 
655 7 |a české romány  |7 fd133974  |2 czenas 
655 9 |a Czech fiction  |2 eczenas 
700 1 |a Godlewski, Piotr,  |d 1929-2010  |7 jn20000601931  |4 trl 
910 |a BOA001  |b KMK-0001.537 
990 |a BK 
991 |b 202402  |z 000008081 
996 6 |b 261K002264  |c KMK-0001.537  |l MZK  |r K. M. Kundery - 1. patro  |n 0  |p dar  |h B/04-40.Q,001  |w 001952625  |u 000010  |a 0  |e BOA001  |j MZK50  |s P